000 00724nam a2200289Ia 4500
005 20260324113331.0
008 008 260324s9999 xx 000 0 eng d
020 _a9781003348221
037 _aEBOOK
040 _aCRL
040 _beng
040 _cCRL
041 _2eng
041 _aeng
084 _qCRL
100 _aJen Thum; Carl Walsh; Lissette M. Jiménez; Lisa Saladino Haney
_91146354
245 0 _aTeaching Ancient Egypt in Museums
245 0 _bPedagogies in Practice
260 _bTaylor and Francis
260 _c2024
365 _a
365 _b230
856 _uhttp://www.taylorfrancis.com/books/9781003348221
942 _cEBOOK
999 _c1735947
_d1735947